États des USA sans littoral - Mort subite - Statistiques

Statistiques générales
  • Ce quiz a été pris 207 fois
  • Le résultat moyen est 8 sur 14
Answers on the Grid
Answers color-coded by a green-red scale on the quiz's grid according to % correct below.
Arkansas
Arizona
Colorado
Tennessee
Dakota du Sud
Dakota du Nord
Missouri
Nouveau Mexique
Vermont
Utah
Virginie occidentale
Iowa
Kansas
Michigan
Californie
Washington
Oregon
Connecticut
Rhode Island
Caroline du Sud
Caroline du Sud
Floride
Géorgie
Virginie
Maine
Massachusetts
 
Statistiques - réponses
Réponse % Correct
Utah
72%
Colorado
67%
Dakota du Nord
66%
Kansas
66%
Dakota du Sud
64%
Iowa
63%
Tennessee
61%
Arkansas
57%
Missouri
54%
Arizona
53%
Nouveau Mexique
52%
Michigan
50%
Vermont
42%
Virginie occidentale
42%
Aucun quiz correspondant
Distribution des résultats
% des personnes avec chaque résultat
Percentile par nombre de réponses
Votre historique - résultats
Vous n’avez pas pris ce quiz